تحميل...

Catch-22

The story of a group of fliers in the Mediterranean during World War II.

التفاصيل البيبلوغرافية
المؤلف الرئيسي: Heller,Joseph
التنسيق: Printed Book
منشور في: New Delhi: Light & Life Publishgers, 1961.
الموضوعات:
LEADER 00958cgm a2200229Ia 4500
082 0 4 |a 813.54  |b HEl/C 
100 |a Heller,Joseph. 
245 0 0 |a Catch-22 
260 |a New Delhi:  |b Light & Life Publishgers,  |c 1961. 
300 |a 442p.; 
500 |a Based on the novel by Joseph Heller. 
500 |a Originally released as a motion picture in 1970. 
500 |a Special features: Interactive menus ; scene selection ; theatrical trailer ; photo gallery ; commentary by Mike Nichols and Steven Soderbergh. 
520 |a The story of a group of fliers in the Mediterranean during World War II. 
650 0 |a World War, 1939-1945  |v Drama. 
650 0 |a World War, 1939-1945  |v Drama. 
650 0 |a War  |v Drama. 
650 0 |a Fighter pilots  |v Drama. 
650 0 |a World War, 1939-1945  |v Drama. 
942 |c BK 
999 |c 100254  |d 100254 
952 |0 0  |1 0  |4 0  |6 813_540000000000000_HEL_C  |7 0  |9 93574  |a SSS  |b SSS  |c LIT  |d 2012-04-03  |l 0  |o 813.54 HEl/C  |p SSSMK0685  |r 2012-04-03  |w 2012-04-03  |y BK